|
|
|
|
| LEADER |
00000nab a2200000ua 4500 |
| 001 |
vtls010796251 |
| 003 |
SK-MaSNL |
| 005 |
20260303183002.0 |
| 008 |
230222s1963 xo |||||||||||||||||eng| |
| 035 |
|
|
|a (urnnbn)urn:nbn:sk:snk:ar-a02an6
|
| 035 |
|
|
|a (uuid)f3386239-1df5-4897-83c0-f6739b43e05e
|
| 035 |
|
|
|a urn:nbn:sk:snk-ab4jc4
|
| 040 |
|
|
|a SNKBUCL
|b slo
|c SNKBUCL
|e AACR2
|
| 041 |
0 |
|
|a eng
|
| 044 |
|
|
|a xo
|c SK
|
| 100 |
1 |
|
|a Osidze, D. F.
|4 aut
|9 1211650
|
| 245 |
1 |
0 |
|a PROPAGATION OF A2 INFLUENZA VIRUS IN PORCINE EMBRYO KIDNEY CELL CULTURES
|c D. F. Osidze, F. V. Sushkov, V. N. Siurin, Yu. V. Panteleyev
|
| 700 |
1 |
|
|a Sushkov, F. V.
|4 aut
|9 1211651
|
| 700 |
1 |
|
|a Siurin, V. N.
|4 aut
|9 1211652
|
| 700 |
1 |
|
|a Panteleyev, Yu. V.
|4 aut
|9 1211653
|
| 773 |
0 |
|
|t Acta virologica
|g Roč. 7, č. 4 (1963), s. 378
|
| 958 |
|
|
|a OND
|
| 958 |
|
|
|a EUIPO
|
| 958 |
|
|
|a article3
|
| 999 |
|
|
|c 2118923
|d 2120853
|